000 00400nam a22001457a 4500
082 _a910
_bMAC
100 _aMACKINDER, H.J
_950477
245 _aTHE NATIONS OF THE MODERN WORLD
260 _aLONDON
_bGEORGE PHILIP AND SON
_c1913
300 _aXVI, 319 P;
_bILL
526 _a0
_b0
_c0
_d910_000000000000000_MAC
526 _a0
_b0
_c0
_d910_000000000000000_MAC
650 _aMCE
_9379
942 _2ddc
_cBK
999 _c553216
_d553216